00719nam a2200205Ia 4500952015500000999001500155003000400170005001700174008004100191020001800232040000900250082001800259100002800277245007800305250001300383260004100396300000900437650002500446942004200471 00102ddc40708MANAGEMENTaMESbMEScMANAGEMENTd2019-02-20g595.00l1o658.15 BRI/Fp37194r2024-06-29 15:21:27s2024-06-29w2019-02-20yBKzGL57R3 c7912d7912OSt20200709113955.0190216s9999||||xx |||||||||||||| ||und|| a9788131518571 coclc a658.15bBRI/F aBrigham, Eugene F91146 0aFundamentals Of Financial Management /cEugene F Brigham ; Joel F Houston a12th Ed. bCengage Learning,c2012.aNew Delhi: a697p aFinancial Management cBK2ddch658.15iBRI/Fk658.15mBRI/F